Meilleurs marqueurs d'essais de la Coupe du monde par édition. - Statistiques

Statistiques générales
  • Ce quiz a été pris 183 fois
    108 depuis la dernière actualisation
  • Le résultat moyen est 6 sur 14
Statistiques - réponses
Année Joueur % Correct
1999 (8) Jonah Lomu
85%
1995 (7) Jonah Lomu
85%
2007 (8) Bryan Habana
74%
2011 (6) Vincent Clerc
74%
2023 (8) Will Jordan
65%
2015 (8) Julian Savea
56%
2019 (7) Josh Adams
32%
Chris Ashton
27%
1991 (6) David Campese
18%
John Kirwan
18%
Douglas Howlett
12%
2003 (7) Mils Muliaina
9%
1987 (6) Craig Green
6%
Jean-Baptiste Lafond
6%
Aucun quiz correspondant
Distribution des résultats
% des personnes avec chaque résultat
Percentile par nombre de réponses
Votre historique - résultats
Vous n’avez pas pris ce quiz depuis la dernière actualisation